Song nach Interpret und Jahr - Pop - Statistiken

Allgemein
  • Dieses Quiz wurde 184 mal gespielt
  • Das Durchschnittsergebnis liegt bei 5 aus 20
Antwortstatistiken
Interpret / Erscheinungsjahr Album Songtitel % Korrekt
Billie Eilish / 2019 WHEN WE FALL ASLEEP, WHERE DO WE GO? bad guy
64%
Ellie Goulding / 2013 Halcyon Days Burn
54%
Taylor Swift / 2014 1989 Blank Space
43%
Shakira / 2005 Oral Fixation Vol. 2 Hips don't lie
39%
Shawn Mendes / 2017 Handwritten Stitches
39%
Backstreet Boys / 1999 Millenium I Want it that Way
38%
Britney Spears / 2003 In The Zone Toxic
36%
Lana del Rey / 2012 Born to die Video Games
36%
Stromae / 2010 Cheese Alors on Danse
33%
Sia / 2016 This Is Acting Cheap Thrills
28%
Katy Perry / 2010 ------- Teenage Dream
23%
Ed Sheeran / 2017 Divide Castle On The Hill
21%
Olly Murs, Flo Rida / 2012 Right Place Right Time Troublemaker
17%
Rihanna / 2010 Loud S & M
16%
Gwen Stefani, Akon / 2006 ------- The Sweet Escape
11%
Nelly Furtado, Timbaland / 2006 Loose Promiscuous
9%
Dua Lipa / 2020 Future Nostalgia Break my Heart
6%
Camila Cabello / 2016 ------- Crying in the Club
5%
OneRepublic / 2013 Native If I lose myself
4%
Justin Timberlake, T.I. / 2006 FutureSex/LoveSounds My Love
3%
Keine übereinstimmenden Quizze gefunden
Verteilung der Resultate
Anzahl Personen mit jedem Resultat
Perzentil nach korrekt beantworteten Fragen
Ihre Resultats-Entwicklung
Sie haben dieses Quiz noch nicht gespielt